British female models - Statistics

General Stats
  • This quiz has been taken 11 times
  • The average score is 5 of 20
Answer Stats
Hint Answer % Correct
5' 9.5 Naomi Campbell
100%
5' 6 Kate Moss
82%
5' 6 Twiggy
55%
5' 9 Jean Shrimpton
27%
5' 8.5 Abbey Clancy
18%
5' 7 Cara Delevigne
18%
6' 1 Jodie Kidd
18%
5' 11 Jourdan Dunn
18%
5' 10 Lily Cole
18%
5' 10 Lily Donaldson
18%
5' 11 Sophie Dahl
18%
5' 8 Adwoa Aboah
9%
5' 8 Agyness Deyn
9%
5' 8 Elizabeth Hurley
9%
5' 7 Georgia May Jagger
9%
5' 10 Karen Elson
9%
5' 9 Rosie Huntington-Whiteley
9%
5' 11 Stella Tennant
9%
5' 10 Leomie Anderson
0%
5' 10 Neelam Gill
0%
No matching quizzes found
Score Distribution
Percent of People with Each Score
Percentile by Number Answered
Your Score History
You have not taken this quiz